LOS SILENCIOS DE LA HISTORIA : LAS CRISTERAS /

Obra que ubica los rastros de las mujeres en el ejército cristero, para determinar el lugar que ocuparon en el movimiento. Para ello el autor trabaja con historias de vida de protagonistas del hecho.

Uloženo v:
Podrobná bibliografie
Hlavní autor: Vaca García, Agustín (autor)
Médium: Kniha
Témata:
Tagy: Přidat tag
Žádné tagy, Buďte první, kdo vytvoří štítek k tomuto záznamu!

MARC

LEADER 00000nam^a2200000^a^4500
001 000257725
005 20250526000000.0
009 20260310110300.113
020 |a 968-6255-12-5 
035 |a C69764 
037 |a Acervo Xavier Clavigero 
082 |a 972. 0823 VAC 
100 |a Vaca García, Agustín  |e (autor) 
245 1 4 |a LOS SILENCIOS DE LA HISTORIA :  |b LAS CRISTERAS /  |c A. Vaca García. 
264 |a Guadalajara, México :  |b El Colegio de Jalisco,  |c 1998 
300 |a 315 p. 
336 |a texto  |b txt  |2 rdacontenido 
337 |a sin mediación  |b n  |2 rdamedio 
338 |a volumen  |b nc  |2 rdasoporte 
520 |a Obra que ubica los rastros de las mujeres en el ejército cristero, para determinar el lugar que ocuparon en el movimiento. Para ello el autor trabaja con historias de vida de protagonistas del hecho. 
649 |a XX 
650 |a Guerra Cristera -  |x Historia 
650 |a Mujeres Mexicanas -  |x Historia 
650 |a Discriminación de Género -  |z México 
650 |a Género -  |z México 
650 |a México -  |x Historia -  |y Régimen Callista, 1924-1928 
650 |a México -  |x Historia -  |y Régimen Portesgilista, 1928-1930 
650 |a Iglesia y Estado -  |z México -  |x Historia -  |y Régimen Callista, 1924-1928 
650 |a Iglesia y Estado -  |z México -  |x Historia -  |y Régimen Portesgilista, 1928-1930 
650 |a Política -  |z México -  |x Historia -  |y Régimen Callista, 1924-1928 
650 |a Política -  |z México -  |x Historia -  |y Régimen Portesgilista, 1928-1930 
650 |a Novela Histórica -  |z México -  |x Historia y Crítica 
650 |a Literatura y Sociedad -  |z México 
910 |a Fondo Jesús Gómez Fregoso S.J. FXC 
920 |a Impresos - Libros 
930 |a Libros Antiguos y Raros 
940 |a Guerra Cristera 
905 |a 110 
901 |a 069764  |b IT2  |c LRA  |i C69764  |u 20250526 
902 |a https://opac.biblio.iteso.mx/vufind/Record/000257725